La salud en peligro en las casas mal acondicionadas / (Record no. 162568)

MARC details
000 -LEADER
campo de control de longitud fija 00665nam a22001575i 4500
001 - NÚMERO DE CONTROL
campo de control 162568
003 - IDENTIFICADOR DE NÚMERO DE CONTROL
campo de control ES-MaACL
005 - FECHA Y HORA DE LA ÚLTIMA TRANSACCIÓN
campo de control 20230906212545.0
008 - DATOS DE LONGITUD FIJA--INFORMACIÓN GENERAL
campo de control de longitud fija 951113s1886 sp a |||| | spa d
040 ## - FUENTE DE CATALOGACIÓN
Centro catalogador/agencia de origen CARM
Lengua de catalogación spa
Centro/agencia transcriptor CCPB | SIC
100 1# - ENTRADA PRINCIPAL--NOMBRE DE PERSONA
Nombre de persona Pridgin Teale, J.
9 (RLIN) 131368
245 13 - MENCIÓN DEL TÍTULO
Título La salud en peligro en las casas mal acondicionadas /
Mención de responsabilidad, etc. por J. Pridgin Teale ; traducido de la 4\pa\s edición inglesa por M.A. Garay ; y precedido de una carta-prólogo de D. Segismundo Moret.
260 ## - PUBLICACIÓN, DISTRIBUCIÓN, ETC.
Lugar de publicación, distribución, etc. Bilbao :
Nombre del editor, distribuidor, etc. [s.n.],
Fecha de publicación, distribución, etc. 1886 (
Fabricante Imprenta y Litografía de la Viuda de Dalmas)
300 ## - DESCRIPCIÓN FÍSICA
Extensión XXIII, 150 p. :
Otras características físicas il. col. ;
Dimensiones 21 cm.
852 ## - LOCALIZACIÓN
Ubicación ES-MaACL
Número de control de estantería G-12976
Nota libre -- Enc. tela
Holdings
Estatus retirado Estado de pérdida Estado de daño No para préstamo Colección Biblioteca de origen Biblioteca actual Ubicación en estantería Fecha de adquisición Fuente de adquisición Total de préstamos Signatura topográfica completa Código de barras Visto por última vez Precio de reemplazo Tipo de ítem Koha
        Libros del s. XIX Biblioteca del Ateneo de Madrid Biblioteca del Ateneo de Madrid Sala Pecera Planta 3 17/01/2008     G-12976 1170310 23/02/2023 23/02/2023 Libro impreso antiguo